Building accounting systems using Access2000 / (Record no. 528126)
[ view plain ]
| 000 -LEADER | |
|---|---|
| fixed length control field | 01410cam a22003614a 4500 |
| 001 - CONTROL NUMBER | |
| control field | 11897603 |
| 003 - CONTROL NUMBER IDENTIFIER | |
| control field | NUST |
| 005 - DATE AND TIME OF LATEST TRANSACTION | |
| control field | 20190829074324.0 |
| 008 - FIXED-LENGTH DATA ELEMENTS--GENERAL INFORMATION | |
| fixed length control field | 000127s2001 au a 001 0 eng |
| 010 ## - LIBRARY OF CONGRESS CONTROL NUMBER | |
| LC control number | 00021222 |
| 020 ## - INTERNATIONAL STANDARD BOOK NUMBER | |
| International Standard Book Number | 0324015933 |
| 038 ## - RECORD CONTENT LICENSOR | |
| Staff Name | waseem |
| 040 ## - CATALOGING SOURCE | |
| Original cataloging agency | DLC |
| Transcribing agency | DLC |
| Modifying agency | DLC |
| 042 ## - AUTHENTICATION CODE | |
| Authentication code | pcc |
| 050 00 - LIBRARY OF CONGRESS CALL NUMBER | |
| Classification number | HF5679 |
| Item number | .P4194 2001 |
| 082 00 - DEWEY DECIMAL CLASSIFICATION NUMBER | |
| Classification number | 657.028557565 |
| Author Mark | PER |
| 100 1# - MAIN ENTRY--PERSONAL NAME | |
| Personal name | Perry, James T. |
| 9 (RLIN) | 19701 |
| 245 00 - TITLE STATEMENT | |
| Title | Building accounting systems using Access2000 / |
| Statement of responsibility, etc. | James T. Perry, Gary P. Schneider. |
| 246 30 - VARYING FORM OF TITLE | |
| Title proper/short title | Access2000 |
| 246 3# - VARYING FORM OF TITLE | |
| Title proper/short title | Access 2000 |
| 260 ## - PUBLICATION, DISTRIBUTION, ETC. | |
| Place of publication, distribution, etc. | Australia ; |
| -- | Cincinnati, Ohio : |
| Name of publisher, distributor, etc. | South-Western College Pub., |
| Date of publication, distribution, etc. | c2001. |
| 300 ## - PHYSICAL DESCRIPTION | |
| Extent | xxi, 528 p. : |
| Other physical details | ill. (some col.) ; |
| Dimensions | 24 cm. + |
| Accompanying material | 1 computer optical disc (4 3/4 in.) |
| 500 ## - GENERAL NOTE | |
| General note | Includes index. |
| 650 #0 - SUBJECT ADDED ENTRY--TOPICAL TERM | |
| Topical term or geographic name entry element | Accounting |
| General subdivision | Data processing. |
| 9 (RLIN) | 19702 |
| 650 #0 - SUBJECT ADDED ENTRY--TOPICAL TERM | |
| Topical term or geographic name entry element | Transaction systems (Computer systems) |
| 9 (RLIN) | 19703 |
| 700 1# - ADDED ENTRY--PERSONAL NAME | |
| Personal name | Schneider, Gary P., |
| Dates associated with a name | 1952- |
| 9 (RLIN) | 19704 |
| 730 0# - ADDED ENTRY--UNIFORM TITLE | |
| Uniform title | Microsoft Access. |
| 9 (RLIN) | 19705 |
| 856 42 - ELECTRONIC LOCATION AND ACCESS | |
| Materials specified | Contributor biographical information |
| Uniform Resource Identifier | <a href="http://www.loc.gov/catdir/enhancements/fy1509/00021222-b.html">http://www.loc.gov/catdir/enhancements/fy1509/00021222-b.html</a> |
| 856 42 - ELECTRONIC LOCATION AND ACCESS | |
| Materials specified | Publisher description |
| Uniform Resource Identifier | <a href="http://www.loc.gov/catdir/enhancements/fy1509/00021222-d.html">http://www.loc.gov/catdir/enhancements/fy1509/00021222-d.html</a> |
| 906 ## - LOCAL DATA ELEMENT F, LDF (RLIN) | |
| a | 7 |
| b | cbc |
| c | orignew |
| d | 1 |
| e | ocip |
| f | 20 |
| g | y-gencatlg |
| 942 ## - ADDED ENTRY ELEMENTS (KOHA) | |
| Source of classification or shelving scheme | |
| Koha item type | Book |
| Withdrawn status | Lost status | Source of classification or shelving scheme | Damaged status | Not for loan | Permanent Location | Current Location | Date acquired | Source of acquisition | Total Checkouts | Full call number | Barcode | Date last seen | Price effective from | Koha item type |
|---|---|---|---|---|---|---|---|---|---|---|---|---|---|---|
| Central Library (CL) | Central Library (CL) | 08/29/2019 | Donation | 657.028557565 PER | CL-D-529 | 08/29/2019 | 08/29/2019 | Book |
